|
|
|
|
| LEADER |
02149nam a2200601 i 4500 |
| 001 |
nkc20213312250 |
| 003 |
CZ PrNK |
| 005 |
20210629143115.0 |
| 007 |
ta |
| 008 |
210312s2021 xr e f 000 0 cze |
| 015 |
|
|
|a cnb003312250
|
| 020 |
|
|
|a 978-80-271-2108-3
|q (brožováno) :
|c Kč 379,00
|
| 035 |
|
|
|a (OCoLC)1260123807
|
| 040 |
|
|
|a ABA001
|b cze
|d BOA001
|e rda
|
| 041 |
1 |
|
|a cze
|h pol
|
| 045 |
|
|
|a y-y-
|
| 072 |
|
7 |
|a 391
|x Oděv, móda, ozdoby
|2 Konspekt
|9 1
|
| 080 |
|
|
|a 391
|2 MRF
|
| 080 |
|
|
|a 391:502.1
|2 MRF
|
| 080 |
|
|
|a 316.752-048.85
|2 MRF
|
| 080 |
|
|
|a 17
|2 MRF
|
| 080 |
|
|
|a (035)
|2 MRF
|
| 100 |
1 |
|
|a Glogaza, Joanna,
|d 1989-
|7 jo20211106635
|4 aut
|
| 240 |
1 |
0 |
|a Slow fashion.
|l Česky
|
| 245 |
1 |
0 |
|a Slow fashion :
|b módní revoluce /
|c Joanna Glogaza ; překlad Soňa Nováková
|
| 250 |
|
|
|a První vydání
|
| 264 |
|
1 |
|a Praha :
|b Alferia,
|c 2021
|
| 300 |
|
|
|a 167 stran ;
|c 24 cm
|
| 336 |
|
|
|a text
|b txt
|2 rdacontent
|
| 337 |
|
|
|a bez média
|b n
|2 rdamedia
|
| 338 |
|
|
|a svazek
|b nc
|2 rdacarrier
|
| 500 |
|
|
|a Přeloženo z polštiny
|
| 504 |
|
|
|a Obsahuje bibliografické odkazy
|
| 546 |
|
|
|a Český text
|
| 648 |
|
7 |
|a 21. století
|7 ch460559
|2 czenas
|
| 650 |
0 |
7 |
|a móda
|7 ph123136
|y 21. století
|2 czenas
|
| 650 |
0 |
7 |
|a móda
|7 ph123136
|x etické a morální aspekty
|2 czenas
|
| 650 |
0 |
7 |
|a slow fashion
|7 ph1107630
|y 21. století
|2 czenas
|
| 650 |
0 |
7 |
|a minimalismus (životní styl)
|7 ph1022120
|y 21. století
|2 czenas
|
| 650 |
0 |
9 |
|a fashion
|y 21st century
|2 eczenas
|
| 650 |
0 |
9 |
|a fashion
|x ethical and moral aspects
|2 eczenas
|
| 650 |
0 |
9 |
|a slow fashion
|y 21st century
|2 eczenas
|
| 650 |
0 |
9 |
|a minimalist living
|y 21st century
|2 eczenas
|
| 655 |
|
7 |
|a příručky
|7 fd133209
|2 czenas
|
| 655 |
|
9 |
|a handbooks and manuals
|2 eczenas
|
| 700 |
1 |
|
|a Nováková, Soňa
|4 trl
|
| 910 |
2 |
|
|a BOA001
|b 2-1465.045
|
| 928 |
9 |
|
|a Grada Publishing - Alferia
|
| 990 |
|
|
|a BK
|
| 995 |
|
|
|a 01
|
| 991 |
|
|
|b 202106
|c NOV
|
| 996 |
6 |
|
|b 2610864799
|c 2-1465.045
|l MZK
|r Sklad / do 1 hodiny
|n 7
|p p.v.
|w 001851168
|u 000010
|a 1
|e BOA001
|j MZK50
|s P
|
| 996 |
7 |
|
|b 2610866230
|c 2-1465.045
|l Vol.výběr
|r VV 0p
|n 16
|p kup
|h 391 GLO
|w 001851168
|u 000020
|a 0
|e BOA001
|j MZK50
|s A
|